[Event "King's Gambit A"]
[Site "Lipetsk RUS"]
[Date "2007.06.25"]
[Round "5"]
[White "Airapetian,G"]
[Black "Zubarev,Al1"]
[Result "0-1"]
[WhiteElo "2336"]
[BlackElo "2511"]

1.e4 g6 2.d4 Bg7 3.Nc3 c6 4.f4 d5 5.e5 Nh6 6.Nf3 Bg4 7.h3 Bxf3 8.Qxf3 Qb6
9.Ne2 f6 10.Qb3 Qc7 11.Bd2 Nd7 12.O-O-O O-O 13.g4 fxe5 14.fxe5 e6 15.Nf4 Rae8
16.Kb1 c5 17.c3 c4 18.Qc2 Nf7 19.Bg2 Bh6 20.h4 Bxf4 21.Bxf4 b5 22.Rdf1 Qd8
23.Qd2 Qe7 24.Bf3 a5 25.Bd1 Rb8 26.Bc2 b4 27.Be3 a4 28.cxb4 Rxb4 29.Ka1 a3
30.bxa3 c3 31.Qd3 Rb2 32.Qxc3 Rbb8 33.h5 Rfc8 34.Qd3 Nfxe5 35.dxe5 Nxe5 36.Qd1 Qxa3
37.Bb3 Rc3 38.Bc1 Qa7 39.Bxd5 Rxc1+  0-1

[Event "III Perla Baltyku A"]
[Site "Mielno POL"]
[Date "2007.06.25"]
[Round "9"]
[White "Chojnacki,K"]
[Black "Warakomski,T"]
[Result "0-1"]
[WhiteElo "2372"]
[BlackElo "2493"]

1.e4 g6 2.d4 Bg7 3.Nc3 c6 4.Nf3 d6 5.Be2 Nd7 6.O-O Qc7 7.Be3 Ngf6 8.h3 O-O
9.Qd2 b5 10.a3 a6 11.Bh6 e5 12.Bxg7 Kxg7 13.Rad1 Bb7 14.Nh4 c5 15.dxe5 dxe5
16.Nd5 Qc6 17.Qe3 Nxd5 18.Rxd5 Qe6 19.Rd2 Nf6 20.f3 Rfd8 21.Rfd1 Rxd2 22.Rxd2 c4
23.Kh2 Nd7 24.Qg5 f6 25.Qe3 Qe7 26.Bf1 Nc5 27.g3 Ne6 28.c3 Rd8 29.Rxd8 Qxd8
30.Be2 Qd6 31.Kg2 Nc5 32.Qc1 Bc8 33.Kf2 g5 34.Nf5+ Bxf5 35.exf5 e4 36.Qd1 Nd3+
37.Kg2 exf3+ 38.Bxf3 Qe5 39.Bg4 Qe4+ 40.Bf3 Qe3 41.Kh2 Qf2+ 42.Bg2 Qxb2 43.h4 Qxc3
44.Qg4 Ne5 45.Qe4 gxh4 46.gxh4 Qxa3 47.Qb7+ Kh6 48.Qe4 Qd6 49.Kh1 Qd2 50.Qb7 Qe1+
51.Kh2 Qxh4+ 52.Kg1 Qd4+ 53.Kh1 Ng4 54.Bf3 Ne3 55.Qf7 Qh4+  0-1

[Event "Open"]
[Site "Pula CRO"]
[Date "2007.06.27"]
[Round "6"]
[White "Barle,J"]
[Black "Petran,Pe"]
[Result "1-0"]
[WhiteElo "2400"]
[BlackElo "2322"]

1.e4 g6 2.d4 Bg7 3.Nc3 c6 4.h3 d5 5.Nf3 b5 6.a3 dxe4 7.Nxe4 Nf6 8.Nxf6+ exf6
9.Bf4 Be6 10.Be2 Nd7 11.a4 a6 12.O-O Nb6 13.axb5 axb5 14.Rxa8 Qxa8 15.Bd6 Bf8
16.Bh2 Be7 17.Nd2 O-O 18.Bf3 Qb7 19.Re1 Rd8 20.c3 Kg7 21.Qc1 Bd5 22.Qc2 Ra8
23.Bxd5 Nxd5 24.Ne4 Qd7 25.Nc5 Qf5 26.Qxf5 gxf5 27.Nd3 Bf8 28.Bf4 Kg6 29.Kf1 Bh6
30.Bxh6 Kxh6 31.Ke2 Kg5 32.Kf3 f4 33.Nxf4 Nb6 34.h4+ Kh6 35.Re7 Kg7 36.Rc7 Nc4
37.Rxc6 Nxb2 38.Nh5+ Kf8 39.Nxf6 Ra3 40.Nd5 Na4 41.Kf4 Ra2 42.Kg3 Kg7 43.h5 h6
44.Ne3 Ra3 45.Nf5+ Kh7 46.Rxh6+ Kg8 47.Ra6 b4 48.Rxa4 Rxa4 49.cxb4 Rxb4 50.f4 Rb5
51.Kg4 Kh7 52.Kg5 Kg8 53.g4 Ra5 54.Kh4 Kh7 55.Kg3 Ra3+ 56.Kf2 f6 57.d5 Kg8
58.g5 fxg5 59.fxg5 Kf7 60.g6+ Kf6 61.g7 Ra8 62.h6  1-0

[Event "Spring A"]
[Site "Volodarskij RUS"]
[Date "2007.06.27"]
[Round "1"]
[White "Tomilin,Ar"]
[Black "Nikolaenko,V"]
[Result "1-0"]
[WhiteElo "2365"]
[BlackElo "2188"]

1.d4 g6 2.e4 Bg7 3.Nc3 c6 4.h3 d6 5.g3 e5 6.Nge2 b5 7.a3 a6 8.Bg2 Nd7 9.O-O h5
10.f4 Bb7 11.Be3 Ngf6 12.Qd2 O-O 13.Rad1 Re8 14.dxe5 dxe5 15.Nc1 c5 16.fxe5 Nxe5
17.Qf2 Qc7 18.Bxc5 Nfg4 19.hxg4 Nxg4 20.Qxf7+ Qxf7 21.Rxf7 Kxf7 22.Rd7+ Kg8
23.Rxb7 Rab8 24.Rxb8 Rxb8 25.Nd3 Rc8 26.Ne2 Bxb2 27.Bh3 Kg7 28.Bxg4 hxg4
29.c3 Kf7 30.Kf2 Ba1 31.Ke3 Rh8 32.Ne5+ Ke6 33.Nf4+ Kf6 34.Nxg4+ Kf7 35.Ne5+ Ke8
36.Nd5 Rh3 37.Kf4 g5+ 38.Kg4 Rh2 39.Kxg5 Re2 40.Kf5  1-0

[Event "ch-BEL Expert"]
[Site "Namur BEL"]
[Date "2007.06.30"]
[Round "1"]
[White "Decoster,F"]
[Black "Marechal,A"]
[Result "1-0"]
[WhiteElo "2174"]
[BlackElo "2301"]

1.e4 g6 2.d4 Bg7 3.Nc3 c6 4.f4 d5 5.e5 Nh6 6.Nf3 f6 7.Be3 Bg4 8.Be2 O-O 9.h3 Bxf3
10.Bxf3 Nf5 11.Bf2 fxe5 12.fxe5 e6 13.O-O c5 14.dxc5 Nc6 15.Nb5 Nxe5 16.Be2 Qe7
17.c3 Bh6 18.b4 Ne3 19.Bxe3 Bxe3+ 20.Kh1 Bf4 21.Nd4 Rf6 22.Bf3 Kg7 23.Ne2 Be3
24.Nd4 Raf8 25.Nc2 Bf4 26.Qe2 Bg3 27.Nd4 Qf7 28.a4 g5 29.Rg1 Nxf3 30.Nxf3 h6
31.Raf1 Qc7 32.Nd4 e5 33.Nb5 Qd7 34.Rxf6 Rxf6 35.Qd3 Bf2 36.Rd1 d4 37.cxd4 exd4
38.Nxd4 Qxa4 39.Nf3 Bg3 40.b5 Qf4 41.Qc3 Qe4 42.Nxg5 Qe2 43.Rd7+ Kg6 44.Qxg3 hxg5
45.Rd5 Qf1+ 46.Kh2 Qf4 47.Rd1 Qxg3+ 48.Kxg3 a6 49.c6 bxc6 50.bxa6 c5 51.Ra1 Rf8
52.a7 Ra8 53.Kf3 Kf5 54.Ke3 Ke5 55.Kd3 Kd5 56.g3 Kc6 57.Kc4 Kb7 58.h4 gxh4
59.gxh4 Kb6 60.h5 Kb7 61.h6 Kb6 62.h7 Kb7 63.Rb1+ Kc6 64.Rb8  1-0

[Event "White Nights"]
[Site "St Petersburg RUS"]
[Date "2007.06.30"]
[Round "6"]
[White "Shchukin,D"]
[Black "Eliseev,Alexe"]
[Result "1/2-1/2"]
[WhiteElo "2355"]
[BlackElo "2429"]

1.e4 g6 2.d4 Bg7 3.Nc3 c6 4.h3 d5 5.Nf3 Nh6 6.Bf4 f6 7.exd5 cxd5 8.Nb5 O-O
9.c4 Na6 10.cxd5 Qxd5 11.Nc3 Qf7  1/2-1/2

[Event "Open"]
[Site "Banska Stiavnica SVK"]
[Date "2007.07.09"]
[Round "3"]
[White "Bauma,J"]
[Black "Nanu,C"]
[Result "0-1"]
[WhiteElo "2290"]
[BlackElo "2507"]

1.e4 g6 2.d4 Bg7 3.Nc3 c6 4.h4 d5 5.exd5 cxd5 6.h5 Nc6 7.Nge2 Nh6 8.Bxh6 Bxh6
9.g3 Bf5 10.hxg6 hxg6 11.Bg2 e6 12.Qc1 g5 13.g4 Bxg4 14.Qe3 Bxe2 15.Bxd5 Bg4
16.Bxc6+ bxc6 17.d5 Bg7 18.Rxh8+ Bxh8 19.dxe6 Bxe6 20.Rd1 Qa5 21.Rd6 Qe5  0-1

[Event "6th Open"]
[Site "La Fere FRA"]
[Date "2007.07.11"]
[Round "6"]
[White "Jossien,R"]
[Black "Sanduleac,V"]
[Result "1/2-1/2"]
[WhiteElo "2239"]
[BlackElo "2431"]

1.e4 g6 2.d4 Bg7 3.Nc3 c6 4.Be3 d5 5.Qd2 dxe4 6.Nxe4 Nd7 7.O-O-O Ngf6 8.Nc3 Nb6
9.Bh6 Bxh6 10.Qxh6 Qd6 11.f3 Be6 12.Bd3 Nbd5 13.Nge2 O-O-O 14.Bc4 Nb4 15.Bb3 Bxb3
16.axb3 Qe6 17.Ng3 Qd7 18.Rhe1 Qc7 19.Nge4 Nxe4 20.Rxe4 e6 21.h4 Rd7 22.Na4 b6
23.Qd2 Nd5 24.c4 Nf6 25.Re2 Rhd8 26.Qe3 Qg3 27.Qg5 Nh5 28.Red2 Qxg5 29.hxg5 Ng3
30.Nc3 Nf5 31.d5 exd5 32.cxd5 c5 33.Rd3 Nd4 34.Rxd4 cxd4 35.Rxd4 Rd6 36.Kd2 a6
37.Kd3 f6 38.gxf6 Rxf6 39.Ne4 Rf5 40.d6 Kb7 41.Ke3 g5 42.Rc4 Rd7 43.b4 h5
44.b3 Re5 45.Kd4 Rb5 46.Ke3 Rf5 47.Rc1 h4 48.Rc2 a5 49.bxa5 Rxa5 50.b4 Rf5
51.Kd4 Rg7 52.Rc1 Rd7 53.Rc2 Rb5 54.Kc4 Rf5 55.Kd4  1/2-1/2

[Event "Open"]
[Site "Banska Stiavnica SVK"]
[Date "2007.07.12"]
[Round "6"]
[White "Womacka,M"]
[Black "Karlik,V"]
[Result "1/2-1/2"]
[WhiteElo "2467"]
[BlackElo "2302"]

1.e4 g6 2.d4 Bg7 3.Nc3 c6 4.Nf3 d6 5.h3 Nf6 6.a4 O-O 7.Be3 Nbd7 8.a5 Qc7
9.Be2 Rb8 10.O-O b5 11.axb6 axb6 12.d5 Bb7 13.Nd4 Ra8 14.Rxa8 Rxa8 15.dxc6 Bxc6
16.Nxc6 Qxc6 17.Bb5 Qc7 18.Qe2 Nc5 19.Bg5 Qb7 20.Re1 Ne6 21.Bxf6 Bxf6 22.Nd5 Nd4
23.Nxf6+ exf6 24.Qd3 Nxb5 25.Qxb5 Ra5 26.Qd3 Qc6 27.Rd1 Kg7 28.c3 Ra2 29.b4 Rb2
30.Qd4 h5 31.h4 Qc7 32.g3 Qc6 33.Rd3 Qe8 34.Re3 Rb1+ 35.Kg2 Qe6 36.Rf3 b5
37.Re3 Rc1 38.Qd2 Ra1 39.Qd4 Rc1 40.Qd2 Ra1 41.Qd1 Ra8  1/2-1/2

[Event "Open"]
[Site "Banska Stiavnica SVK"]
[Date "2007.07.14"]
[Round "8"]
[White "Talla,V"]
[Black "Karlik,V"]
[Result "1/2-1/2"]
[WhiteElo "2430"]
[BlackElo "2302"]

1.e4 g6 2.d4 Bg7 3.Nc3 c6 4.f4 d5 5.e5 Nh6 6.Nf3 O-O 7.Be2 Bg4 8.Be3 f6 9.h3 Nf5
10.Bf2 Bxf3 11.Bxf3 fxe5 12.dxe5 e6 13.h4 Nd7 14.Qd2 Bh6 15.Be2 Nxe5 16.h5 Nd6
17.g3 Nec4 18.Bxc4 Nxc4 19.Qe2 Qf6 20.hxg6 Qxg6 21.Rh2  1/2-1/2

[Event "Zudov Mem B"]
[Site "Nizhnij Tagil RUS"]
[Date "2007.07.14"]
[Round "8"]
[White "Pogromsky,M"]
[Black "Skurygin,A"]
[Result "1-0"]
[WhiteElo "2415"]
[BlackElo "2327"]

1.e4 g6 2.d4 Bg7 3.Nc3 c6 4.Nf3 d5 5.Be2 Bg4 6.Be3 e6 7.Qd2 Nd7 8.O-O-O Qa5
9.Kb1 O-O-O 10.h3 Bxf3 11.Bxf3 dxe4 12.Nxe4 Qxd2 13.Bxd2 Ndf6 14.Nxf6 Bxf6
15.c3 Ne7 16.Kc2 h5 17.g4 hxg4 18.hxg4 Rxh1 19.Rxh1 Rh8 20.Rxh8+ Bxh8 21.a4 Kd7
22.Kd3 Bf6 23.Ke2 Nc8 24.Be4 Nd6 25.Bd3 e5 26.dxe5 Bxe5 27.f4 Bg7 28.Be3 a6
29.Bc5 Bf6 30.Ke3 Be7 31.Bd4 g5 32.Kf3 Kc7 33.Be3 f6 34.fxg5 fxg5 35.Bd4 a5
36.c4 b6 37.c5 bxc5 38.Bxc5 Bf6 39.b3 Be5 40.Be3 Bf6 41.Ke2 Nf7 42.Bf5 Kd6
43.Kd3 Ne5+ 44.Ke4 c5 45.Bd2 Nc6 46.Bh7 Nd4 47.Bg8 Bd8 48.Be1 Kc6 49.Bd5+ Kb6
50.Bg3 Bc7 51.Bxc7+ Kxc7 52.Ke5 Kd7 53.Bc4 Kc6 54.Kf6 Nf3 55.Be2 Nd2 56.Bd1 c4
57.bxc4 Ne4+ 58.Kf5 Nf2 59.Bf3+ Kc5 60.Kxg5 Kb4 61.Bc6  1-0

[Event "1st LCT"]
[Site "Leiden NED"]
[Date "2007.07.15"]
[Round "3"]
[White "Slingerland,F"]
[Black "Hellenberg,J"]
[Result "1-0"]
[WhiteElo "2304"]
[BlackElo "2056"]

1.e4 g6 2.d4 Bg7 3.Nc3 c6 4.h3 d5 5.Nf3 dxe4 6.Nxe4 Nf6 7.Nxf6+ Bxf6 8.c3 O-O
9.Bc4 Nd7 10.O-O Nb6 11.Bb3 Nd5 12.Re1 Be6 13.Qe2 Nc7 14.Bc2 Qd7 15.Bg5 Bxg5
16.Nxg5 h6 17.Nxe6 Nxe6 18.Bb3 Ng7 19.Qxe7 Rad8 20.Qxd7 Rxd7 21.Re2 Re8 22.Rae1 Rxe2
23.Rxe2 Nh5 24.g3 Kf8 25.Kg2 Nf6 26.f4 Ne8 27.Kf3 Re7 28.Re5 f6 29.Rxe7 Kxe7
30.h4 Nd6 31.Bc2 f5 32.g4 Kf6 33.Bd3 b5 34.b3 a6 35.a3 Nb7 36.h5 gxh5 37.Bxf5 hxg4+
38.Bxg4 Na5 39.b4 Nc4 40.Bd7 Nxa3 41.Ke4 Nc4 42.Bxc6 h5 43.Bd7 h4 44.Bh3 Nb6
45.Bg4 Na4 46.Kd3 Nb6 47.Ke4 Na4 48.d5 Nxc3+ 49.Kd4 Na4 50.d6 Nb2 51.Bc8 Nc4
52.Kc5 Nb2 53.Kb6 Nd3 54.d7  1-0

[Event "SCCF State Championship"]
[Site "Los Angeles USA"]
[Date "2007.07.15"]
[Round "7"]
[White "Hermansen,R"]
[Black "Peters,Joh"]
[Result "0-1"]
[WhiteElo "2229"]
[BlackElo "2423"]

1.e4 g6 2.d4 Bg7 3.Nc3 c6 4.f4 d5 5.e5 h5 6.Nf3 Nh6 7.Bd3 Bf5 8.O-O e6 9.b3 Nd7
10.Ne2 c5 11.c4 dxc4 12.bxc4 cxd4 13.Ba3 Qa5 14.Bd6 Nc5 15.Bxc5 Qxc5 16.Qa4+ b5
17.Qb3 Bxd3 18.Qxd3 bxc4 19.Qxd4 Rc8 20.Rab1 O-O 21.Rb7 a6 22.Rb6 Qa5 23.Qb2 c3
24.Qb4 Qxb4 25.Rxb4 Rfd8 26.Rd4 Rxd4 27.Nfxd4 Bf8 28.Rc1 Ba3 29.Rc2 Bb2 30.h3 Rc4
31.Kf2 Nf5 32.Nxf5 gxf5 33.Ke3 h4 34.g3 hxg3 35.Nxg3 Ra4 36.Nh5 Rxa2 37.Kd3 Kf8
38.Nf6 Ke7 39.h4 Ra1 40.h5 Rd1+ 41.Ke3 Bc1+ 42.Kf3 Rd3+ 43.Ke2 Rd2+ 44.Rxd2 Bxd2
45.h6 Kf8  0-1

[Event "Heart of Finland"]
[Site "Jyvaskyla FIN"]
[Date "2007.07.17"]
[Round "4"]
[White "Alho,S"]
[Black "Zozulia,A"]
[Result "0-1"]
[WhiteElo "2132"]
[BlackElo "2332"]

1.e4 g6 2.d4 Bg7 3.Nc3 c6 4.Be3 d6 5.Qd2 b5 6.Bd3 Nf6 7.f3 Bb7 8.Nh3 Nbd7
9.O-O O-O 10.Bh6 Qb6 11.Ne2 c5 12.c3 a5 13.Bxg7 Kxg7 14.Kh1 c4 15.Bc2 b4
16.Ng3 b3 17.axb3 cxb3 18.Bd3 e5 19.Qg5 Ng8 20.dxe5 Nxe5 21.Nf2 h6 22.Qd2 Ba6
23.Bxa6 Rxa6 24.Ra4 Nf6 25.Qd4 Rc8 26.Rd1 Nfd7 27.f4 Qxd4 28.Rdxd4 Nb6 29.Ra1 Nec4
30.Nd1 a4 31.Nf1 a3 32.bxa3 b2 33.Rb1 Rxa3 34.Nfe3 Ra1  0-1

[Event "33rd Open"]
[Site "Sitges ESP"]
[Date "2007.07.18"]
[Round "1"]
[White "Molinas Garcia,F"]
[Black "Moskalenko,V"]
[Result "0-1"]
[WhiteElo "1982"]
[BlackElo "2560"]

1.e4 g6 2.d4 Bg7 3.Nc3 c6 4.f4 d5 5.e5 Nh6 6.Bd3 O-O 7.h3 Nf5 8.Bxf5 Bxf5
9.Nf3 Na6 10.g4 Be4 11.Nxe4 dxe4 12.Ng5 Qd5 13.Qe2 f5 14.gxf5 gxf5 15.Be3 h6
16.c4 Qd7 17.e6 Qd6 18.Nf7 Qxe6 19.Ne5 Kh7 20.d5 cxd5 21.cxd5 Qxd5 22.Rd1 Qe6
23.Bd4 Nb4 24.Ng6 Rfd8 25.Bxg7 Rxd1+ 26.Qxd1 Qxg6  0-1

[Event "XII Open"]
[Site "Balaguer ESP"]
[Date "2007.07.19"]
[Round "4"]
[White "Bruned,B"]
[Black "Narciso Dublan,M"]
[Result "0-1"]
[WhiteElo "2219"]
[BlackElo "2552"]

1.e4 g6 2.d4 Bg7 3.Nc3 c6 4.Nf3 d6 5.a4 Nf6 6.Be2 O-O 7.O-O Nbd7 8.Be3 Qc7
9.Nd2 e5 10.dxe5 Nxe5 11.h3 b6 12.f4 Ned7 13.Qe1 Bb7 14.Qf2 Rfe8 15.Bf3 a6
16.e5 dxe5 17.fxe5 Nxe5 18.Bxb6 Nxf3+ 19.Nxf3 Qf4 20.Rad1 c5 21.Bxc5 Rac8
22.Bd4 Rc4 23.Qd2 Qc7 24.b3 Rc6 25.Ne1 Rd6 26.Qf4 Nh5 27.Qf2 Bxd4 28.Rxd4 Rxd4
29.Qxd4 Ng3 30.Qf4 Qc5+ 31.Qf2 Qxf2+ 32.Kxf2 Nxf1 33.Kxf1 f5 34.Ne2 Kf7 35.Kf2 Be4
36.c3 g5  0-1

[Event "Sun Pawn B"]
[Site "Ilichevsk UKR"]
[Date "2007.07.21"]
[Round "2"]
[White "Martemianov,I"]
[Black "Vavric,P"]
[Result "0-1"]
[WhiteElo "2333"]
[BlackElo "2201"]

1.e4 g6 2.d4 Bg7 3.Nc3 c6 4.Nf3 d5 5.exd5 cxd5 6.Bb5+ Nc6 7.Qe2 Nf6 8.Ne5 Qb6
9.Bg5 O-O 10.Bxf6 exf6 11.Nf3 Bg4 12.O-O-O Nxd4 13.Qd3 Bxf3 14.gxf3 f5 15.Ba4 Rfd8
16.Bb3 Rac8 17.Kb1 Nxb3 18.axb3 Qxf2 19.Ne2 Re8 20.Nf4 Re3 21.Rdf1 Rxd3 22.Rxf2 Rd4
23.Ng2 Rb4 24.Rd1 Rb5 25.Re2 Kf8 26.Nf4 d4 27.Rde1 Bf6 28.Nd3 Bh4 29.Rd1 Re8
30.Nf4 Rxe2 31.Nxe2 Bf2 32.Nxd4 Rd5 33.c3 f4 34.Kc2 Bxd4 35.cxd4 Rh5 36.Rd2 Rh3
37.Rf2 Ke7 38.Kd3 f5 39.Kc4 Kd6 40.b4 g5 41.b5 h5 42.b3 b6 43.b4 g4 44.fxg4 fxg4
45.Rxf4 Rxh2 46.Rf6+ Ke7 47.Rg6 Kf7 48.Rg5 Kf6 49.Rg8 Kf5 50.Kd5 Rd2 51.Rh8 Kg5
52.Kc4 Rc2+ 53.Kd3 Rc7 54.d5 g3 55.Rg8+ Kf4 56.Rf8+ Kg4 57.Rg8+ Kf3 58.Rf8+ Kg4
59.Rg8+ Kh3 60.Kd4 g2 61.Rg5 h4  0-1

[Event "Czech Open GMA"]
[Site "Pardubice CZE"]
[Date "2007.07.21"]
[Round "2"]
[White "Warakomski,T"]
[Black "Sabol,M"]
[Result "1-0"]
[WhiteElo "2506"]
[BlackElo "2285"]

1.e4 g6 2.d4 Bg7 3.Nc3 c6 4.h3 d5 5.Nf3 Nf6 6.e5 Ne4 7.Nxe4 dxe4 8.Ng5 c5
9.Bb5+ Nc6 10.Bxc6+ bxc6 11.e6 fxe6 12.dxc5 Qa5+ 13.c3 Qxc5 14.O-O O-O 15.Qe2 Qf5
16.Nxe4 a5 17.Re1 a4 18.Bg5 Rf7 19.Rad1 Ba6 20.Qe3 Bc4 21.Bxe7 Be5 22.Bg5 Bc7
23.a3 Bd5 24.Nd2 Rb8 25.Rf1 Rxb2 26.c4 Bb6 27.Qg3 Bxc4 28.Nxc4 Rxf2 29.Nxb6 Rxf1+
30.Rxf1 Qxf1+ 31.Kh2 Qb5 32.Be3 e5 33.Qg4 Rf5 34.Nc8 Qd3 35.Ne7+ Kf7 36.Nxf5 gxf5
37.Qh5+ Ke6 38.Bc1 f4 39.Qe8+ Kf6 40.Qxc6+ Kf5 41.Qf3 Qc2 42.Qh5+ Kf6 43.Qh6+ Kf7
44.Bxf4 exf4 45.Qxf4+ Ke6 46.h4 Qb3 47.Qf8 h5 48.Qc5 Qd1 49.Qc4+ Kf6 50.Qc3+ Kf5
51.Qh3+ Kf6 52.Qf3+ Qxf3 53.gxf3 Kf5 54.Kg2 Ke5 55.Kf1 Kd4 56.Ke2 Kc3 57.f4  1-0

[Event "Czech Open GMA"]
[Site "Pardubice CZE"]
[Date "2007.07.21"]
[Round "2"]
[White "Oleksienko,M"]
[Black "Stopa,Ja"]
[Result "1-0"]
[WhiteElo "2567"]
[BlackElo "2400"]

1.e4 g6 2.d4 Bg7 3.Nc3 c6 4.Nf3 d6 5.Be3 Nf6 6.Qd2 Qa5 7.Bd3 Nbd7 8.Bh6 Bxh6
9.Qxh6 Nb6 10.e5 dxe5 11.dxe5 Nfd5 12.Qg7 Rf8 13.O-O Nf4 14.Rfe1 h5 15.a3 Nbd5
16.b4 Qd8 17.Nxd5 Qxd5 18.Rad1 Qe6 19.h3 Bd7 20.Ng5 Qd5 21.Bf1 Ne6 22.Nxe6 Qxe6
23.Rd4 O-O-O 24.Bc4 Qf5 25.Red1 Be6 26.Bd3 Qg5 27.h4  1-0

[Event "MTO"]
[Site "Biel SUI"]
[Date "2007.07.23"]
[Round "1"]
[White "Duschek,V"]
[Black "Roiz,M"]
[Result "0-1"]
[WhiteElo "2256"]
[BlackElo "2630"]

1.e4 g6 2.d4 Bg7 3.Nc3 c6 4.f4 d5 5.e5 Nh6 6.Nf3 Bg4 7.Be3 f6 8.Be2 O-O 9.Nh4 Bxe2
10.Qxe2 e6 11.Nf3 Nd7 12.O-O-O Qe7 13.Kb1 Rae8 14.Bc1 Nf7 15.g4 c5 16.exf6 Nxf6
17.h3 b6 18.Rhe1 Qb7 19.Qg2 Nd6 20.Ng5 cxd4 21.Rxd4 Qc8 22.Rd3 b5 23.Ne2 h6
24.Nf3 Nfe4 25.Ned4 b4 26.Qg1 Nc4 27.Ka1 a5 28.Kb1 a4 29.Ne5 Nxe5 30.fxe5 a3
31.Qe3 axb2 32.Bxb2 Qa6 33.a3 Rb8 34.axb4 Rxb4 35.Ra3 Qb6 36.Nb3 Qc7 37.Ra7 Rb7
38.Rxb7 Qxb7 39.Rd1 Qc7 40.Bd4 Kh7 41.Nd2 Rc8 42.Qd3 Nf2 43.Bxf2 Qxe5 44.Bd4 Qxd4  0-1

[Event "IMA"]
[Site "Dimitrov RUS"]
[Date "2007.07.24"]
[Round "4"]
[White "Liassota,E"]
[Black "Skurygin,A"]
[Result "1-0"]
[WhiteElo "2241"]
[BlackElo "2319"]

1.e4 g6 2.d4 Bg7 3.Nc3 c6 4.h3 d5 5.e5 h5 6.Nf3 Nh6 7.Bf4 Bf5 8.Qd2 Qa5 9.Be2 Na6
10.a3 Bd7 11.b4 Nxb4 12.Rb1 Na6 13.Rxb7 Bc8 14.Rb3 Nf5 15.O-O h4 16.Rfb1 f6
17.exf6 exf6 18.Bd3 Kf8 19.Qe2 Bh6 20.Bxf5 Bxf4 21.Bxg6 Kg7 22.Bd3 Bd6 23.Nh2 Nc7
24.Qf3 Bd7 25.Ng4 Raf8 26.Ne3 Rf7 27.Nf5+ Bxf5 28.Qxf5 Ne8 29.Qg4+ Kf8 30.Bg6 Rg8
31.Qh5 Rfg7 32.Bxe8 Rxg2+ 33.Kf1 Qa6+ 34.Nb5 Rg1+ 35.Ke2 R1g7 36.Rf3 Ke7
37.Re3+ Kd8 38.Kf3 cxb5 39.Rxb5 f5 40.Qxh4+ Be7 41.Rb8+ Kc7 42.Rxe7+  1-0

[Event "Sun Pawn B"]
[Site "Ilichevsk UKR"]
[Date "2007.07.25"]
[Round "6"]
[White "Martemianov,I"]
[Black "Kalinin,O"]
[Result "0-1"]
[WhiteElo "2333"]
[BlackElo "2350"]

1.e4 g6 2.d4 Bg7 3.Nc3 c6 4.Nf3 d5 5.h3 Nf6 6.e5 Ne4 7.Bd3 Bf5 8.Ne2 f6 9.O-O O-O
10.Bf4 Nd7 11.c4 fxe5 12.dxe5 Ndc5 13.Bxe4 dxe4 14.Nd2 Nd3 15.Bg5 Bxe5 16.Qb3 Qb6
17.Bxe7 Rfe8 18.Ba3 Qxb3 19.axb3 b5 20.g4 Be6 21.Nxe4 b4 22.Rad1 Rad8 23.f4 Bh8
24.Bxb4 Nxb4 25.Nd6 Rf8 26.f5 Be5 27.fxe6 Bxd6 28.Kg2 Rfe8 29.Rd2 Rxe6 30.Rfd1 Ree8
31.Nc3 Bc7 32.Rd7 Bb6 33.Na4 Re2+ 34.Kf3 Rf2+ 35.Kg3 Rxd7 36.Rxd7 Be3 37.c5 Rf7
38.Rd1 Nd5 39.Rd3 Bf2+ 40.Kh2 Bh4 41.Nc3 Nxc3 42.bxc3 a5 43.Rd6 Rf2+ 44.Kg1 Rb2
45.b4 axb4 46.cxb4 Rxb4 47.Rxc6 Rc4 48.Rc8+ Kg7 49.Rc7+ Kh6 50.Kg2 Rc3 51.c6 Bf6
52.Rc8 Kg5 53.Rc7 h6 54.Rc8 Kf4 55.c7 Rc2+ 56.Kf1 Bg7 57.Ke1 Kg5 58.Kd1 Rc5
59.Ke2 Kh4  0-1

[Event "Arximiro Penide Cedeira Mem"]
[Site "Arteixo ESP"]
[Date "2007.07.27"]
[Round "2"]
[White "Penalonga Sweers,A"]
[Black "Milchev,N"]
[Result "0-1"]
[WhiteElo "2043"]
[BlackElo "2315"]

1.e4 g6 2.d4 Bg7 3.Nc3 c6 4.Bc4 d6 5.Nf3 Nf6 6.Bb3 O-O 7.Bg5 Bg4 8.Qd2 Nbd7
9.e5 Bxf3 10.exf6 exf6 11.gxf3 fxg5 12.O-O-O d5 13.h4 gxh4 14.Rdg1 Re8 15.Rg4 Bf6
16.Qh6 Nf8 17.Rhg1 b5 18.Ne4 Bg7 19.Qf4 Ne6 20.Qh2 dxe4 21.Rxh4 Nxd4 22.Rh1 Qf6  0-1

[Event "Quebec Open"]
[Site "Montreal CAN"]
[Date "2007.07.27"]
[Round "8"]
[White "Cheng,Bi"]
[Black "Perez Garcia,Rod"]
[Result "1/2-1/2"]
[WhiteElo "2238"]
[BlackElo "2420"]

1.e4 g6 2.d4 Bg7 3.Nc3 c6 4.h4 h5 5.Nge2 d5 6.Be3 dxe4 7.Nxe4 Bf5 8.Nc5 Nd7
9.Nxd7 Qxd7 10.Ng3 Nf6 11.Nxf5 Qxf5 12.Qd3 Qxd3 13.Bxd3  1/2-1/2

[Event "Najdorf Mem GpA"]
[Site "Grodzisk Mazowiecki POL"]
[Date "2007.07.28"]
[Round "9"]
[White "Stoma,P"]
[Black "Onischuk,V"]
[Result "1-0"]
[WhiteElo "2233"]
[BlackElo "2506"]

1.e4 g6 2.d4 Bg7 3.Nc3 c6 4.Be3 d5 5.Qd2 dxe4 6.Nxe4 Nd7 7.Nf3 Ngf6 8.Nxf6+ Nxf6
9.Bc4 O-O 10.O-O Bf5 11.c3 Be4 12.Ne5 Bd5 13.Be2 a5 14.Rfd1 Ne4 15.Qc2 Nd6
16.c4 Be6 17.Qc3 a4 18.d5 cxd5 19.cxd5 Bf5 20.f4 Qa5 21.Qxa5 Rxa5 22.Bb6 Raa8
23.Rac1 Rfc8 24.Kf2 a3 25.b3 Ne4+ 26.Kf3 Nc3 27.Rd2 Be4+ 28.Kf2 Nxd5 29.Rxc8+ Rxc8
30.Be3 e6 31.g3 Nxe3 32.Kxe3 Bd5 33.Nd7 Rc6 34.Bb5 Rc3+ 35.Bd3 Rc1 36.Nb6 Bc6
37.Rc2 Rxc2 38.Bxc2 Bf8 39.Kd4 f5 40.Kc4 Kf7 41.b4 e5 42.fxe5 h5 43.Bb3 Ke8
44.b5 Bg2 45.Kd4 h4 46.gxh4 f4 47.Bd5 Bf1 48.Bxb7 Bxb5 49.Nd5 Kf7 50.e6+ Kg8
51.e7 Bg7+ 52.Kc5 Be8 53.Bc6 Bf7 54.Nxf4 Be5 55.Bd5 Kg7 56.Bxf7 Kxf7 57.Nxg6 Bxh2
58.Kc6 Ke8 59.Kd5 Bg3 60.h5 Be1 61.h6 Bc3 62.h7 Bf6 63.Ke6 Bg7 64.Ne5  1-0

[Event "Sun Pawn A"]
[Site "Ilichevsk UKR"]
[Date "2007.07.29"]
[Round "9"]
[White "Zernyshkin,V"]
[Black "Kozel,R"]
[Result "1-0"]
[WhiteElo "2159"]
[BlackElo "2399"]

1.e4 g6 2.d4 Bg7 3.Nc3 c6 4.a4 d5 5.e5 f6 6.Nf3 Nh6 7.exf6 exf6 8.Bd3 O-O
9.O-O Bg4 10.h3 Bxf3 11.Qxf3 Nf7 12.Ne2 Nd7 13.c3 f5 14.Ng3 Nf6 15.Bf4 Ne4
16.Qd1 g5 17.Bd2 Nfd6 18.Ne2 f4 19.f3 Nxd2 20.Qxd2 a5 21.Qc2 h6 22.Rae1 b5
23.Nc1 Qf6 24.Nb3 Nf5 25.Bxf5 Qxf5 26.Qxf5 Rxf5 27.Re6 bxa4 28.Nc5 Rb8 29.Nxa4 c5
30.dxc5 d4 31.c6 dxc3 32.bxc3 Rf6 33.Rxf6 Bxf6 34.Rd1 Rc8 35.Rd6 Be7 36.Rxh6 Kg7
37.Re6 Kf7 38.Re5 Rxc6 39.Rxa5 Rd6 40.Re5 Rd2 41.Nc5 Rd1+ 42.Kh2 Bf6 43.Re2 Bxc3
44.Ne4 Bf6 45.Ra2 Be7 46.Rd2 Ra1 47.Rd5 Kg6 48.Rd7 Bb4 49.Rb7 Ra4 50.Rb6+ Kh5
51.Nf6+ Kh4 52.Rb8 g4 53.Rh8+ Kg5 54.Ne4+ Kg6 55.hxg4 Ra1 56.Rg8+ Kf7 57.Rg5 Ra8
58.Rf5+ Kg7 59.Rxf4 Rh8+ 60.Kg3 Be1+ 61.Nf2 Rh1 62.Re4 Rf1 63.Re2 Kg6 64.f4 Kf6
65.Kf3 Kg6 66.g5 Kh5 67.g4+ Kh4 68.Kg2  1-0

[Event "GM"]
[Site "Dubna RUS"]
[Date "2007.08.03"]
[Round "2"]
[White "Romanov,E"]
[Black "Komliakov,V"]
[Result "1-0"]
[WhiteElo "2521"]
[BlackElo "2438"]

1.e4 g6 2.d4 Bg7 3.Nc3 c6 4.Nf3 d6 5.Be3 Nf6 6.h3 O-O 7.Qd2 b5 8.Bd3 Nbd7
9.O-O e5 10.dxe5 dxe5 11.Ne2 a6 12.a4 Bb7 13.Ng3 Re8 14.c4 bxa4 15.c5 Nf8
16.Rxa4 Ne6 17.Nxe5 Nxc5 18.Bxc5 Rxe5 19.Be3 Re7 20.Qe2 a5 21.Rfa1 Nd7 22.Bg5 Bf6
23.Bxf6 Nxf6 24.Qc2 Nd7 25.Qc3 Re5 26.Rd4 Re7 27.Bc4 Qc7 28.Rad1 Nb6 29.Be2 c5
30.Rd6 c4 31.Qf6 Na4 32.Bxc4 Nc5 33.Bxf7+ Rxf7 34.Rd8+  1-0

[Event "Open"]
[Site "Dubna RUS"]
[Date "2007.08.04"]
[Round "1"]
[White "Okrugin,S"]
[Black "Samarin,Vl"]
[Result "1-0"]
[WhiteElo "2355"]
[BlackElo "2062"]

1.e4 g6 2.d4 c6 3.Nc3 Bg7 4.f4 d5 5.e5 h5 6.Nf3 Nh6 7.Be3 Bf5 8.Qd2 e6 9.Be2 Bf8
10.h3 h4 11.O-O Nd7 12.Nd1 Nb6 13.b3 Be4 14.c4 Bxf3 15.Rxf3 Nf5 16.c5 Nd7
17.Bf2 Be7 18.Ne3 Qc7 19.b4 b6 20.Nxf5 exf5 21.cxb6 Qxb6 22.Rb3 a6 23.Rc1 O-O
24.Qc2 Rfc8 25.Rc3 Bxb4 26.Rxc6 Rxc6 27.Qxc6 Qxc6 28.Rxc6 Nf8 29.Bf3 Rd8
30.Bxh4 Rd7 31.Rxa6 Bd2 32.Rd6 Be3+ 33.Kf1 Bxd4 34.Rxd7 Nxd7 35.Bxd5 Kf8
36.Bf2 Bc3 37.Ke2 Ke7 38.a4 g5 39.g3 Ba5 40.h4 gxh4 41.gxh4 Kf8 42.Bc6 Nb8
43.Bc5+ Kg7 44.Bb5 Bd8 45.Bd6 Na6 46.Bxa6 Bxh4 47.Bd3 Bd8 48.Bxf5 Kh6 49.Bb4 Bb6
50.Bf8+ Kh5 51.Kf3 Kh4 52.Bg4 f6 53.Bb4 Bg1 54.Be1+  1-0

[Event "12th Open"]
[Site "Creon FRA"]
[Date "2007.08.05"]
[Round "9"]
[White "Critelli,J"]
[Black "Sanduleac,V"]
[Result "1/2-1/2"]
[WhiteElo "2262"]
[BlackElo "2431"]

1.e4 g6 2.d4 Bg7 3.Nc3 c6 4.Nf3 d5 5.h3 dxe4 6.Nxe4 Bf5 7.Ng3 Be6 8.c3 Nf6
9.Bd3 Bd5 10.O-O Bxf3 11.Qxf3 O-O 12.Re1 Nbd7 13.Bc4 Nb6  1/2-1/2

[Event "Open"]
[Site "Kavala GRE"]
[Date "2007.08.05"]
[Round "1"]
[White "Klokas,K"]
[Black "Svetushkin,D"]
[Result "0-1"]
[WhiteElo "2215"]
[BlackElo "2618"]

1.e4 g6 2.d4 Bg7 3.Nc3 c6 4.f4 d5 5.e5 Qb6 6.Nf3 Bg4 7.Na4 Bxf3 8.Nxb6 Bxd1
9.Nxa8 Bxc2 10.a4 Kd7 11.b4 Nh6 12.b5 Nf5 13.Bb2 Be4 14.Rg1 Rc8 15.b6 Na6
16.Bxa6 bxa6 17.Nc7 axb6 18.Nxa6 Ra8 19.Nb4 c5 20.dxc5 bxc5 21.g4 Nd4 22.Bxd4 cxd4
23.a5 g5 24.fxg5 Bxe5 25.Rf1 Bd6 26.Ra4 Rb8 27.Nxd5 Rb1+ 28.Kf2 Rb2+ 29.Ke1 Bxd5
30.Rxd4 Kc6 31.h3 e5 32.Rxd5 Kxd5 33.Rxf7 e4 34.Rxh7 Bb4+ 35.Kf1 e3  0-1

[Event "Open"]
[Site "Dubna RUS"]
[Date "2007.08.08"]
[Round "9"]
[White "Stebunov,A"]
[Black "Samarin,Vl"]
[Result "0-1"]
[WhiteElo "1960"]
[BlackElo "2062"]

1.e4 g6 2.d4 c6 3.Nc3 Bg7 4.f4 d5 5.e5 h5 6.Nf3 Nh6 7.Bd3 Bf5 8.Ne2 e6 9.Ng3 Nd7
10.Be3 Bf8 11.c3 Be7 12.Bxf5 Nxf5 13.Nxf5 exf5 14.Qe2 Nf8 15.h4 Ne6 16.Ng5 Bxg5
17.hxg5 Qd7 18.a4 a5 19.c4 dxc4 20.Qxc4 O-O 21.g4 hxg4 22.O-O-O Kg7 23.d5 cxd5
24.Rxd5 Rac8 25.Bc5 Nxc5 26.Rxc5 Rxc5 27.Qxc5 Rc8  0-1